000 00580nam a2200193Ia 4500
003 LDD
008 190117s9999 xx 000 0 und d
020 _c₹180
040 _cLDD
041 _ahi
082 _a305.4 सं1642
245 0 _aसंगतिन- यात्रा
246 _a Sangtin- Yatra
260 _aसीतापुर
_bसंगतिन
_c2004
300 _ax,150प.
901 _aHBC
904 _aReqst by : विमल खांडंेकर थोरात
942 _2ddc
_cH
999 _c175339
_d175339